Представление документа в формате RUSMARC

ПолеНазваниеЗначение
  Тип записи l
  Библиографический уровень m
001 Контрольный номер 42405c16fad246379ffa1b9070ac0cda
005 Дата корректировки 20161005101425.1
010 Индекс ISBN __
a ISBN 978-5-16-005684-5
101 Язык документа 0_
a Язык текста rus
102 Страна публикации __
a Страна публикации RU
200 Заглавие и сведения об ответственности 1_
a Заглавие Рекламная деятельность
b Общее обозначение материала Текст
e Сведения, относящиеся к заглавию Учебник
f Первые сведения об ответственности Под ред. В.Д. Секерина
210 Выходные данные 1_
a Место издания Москва
c Издательство ИНФРА-М
d Дата издания 2014
215 Физическое описание __
a Объем 282 с. + Доп. материалы ([Электронный ресурс: Режим доступа http: //www.znanium.com]
225 Серия 2_
a Серия Высшее образование: Бакалавриат
610 Ключевые слова 0_
a Ключевые слова реклама
a Ключевые слова рекламная деятельность
a Ключевые слова регулирование рекламной деятельности
a Ключевые слова маркетинговые коммуникации
686 Индексы других классификаций __
a Классификационный индекс 65.291.34я73
686 Индексы других классификаций __
a Классификационный индекс 76.006.5я73
702 Вторичная интеллектуальная ответственность _1
a Фамилия Секерин
b Имя В. Д.
e Роль лиц Редактор
4 Код отношения 340
801 Источник записи _0
a Страна RU
b Организация РУК
g Правила каталогизации PSBO
c Дата составления 20150721
801 Источник записи _1
a Страна RU
b Организация РУК
g Правила каталогизации PSBO
852 Данные о местонахождении __
i Авторский знак Р 36
j Шифр хранения ББК 65.291.34
901 Тип документа __
t Тип документа m
937 Технологическая информация __
a Создатель записи (имя) ОрловаОВ
938 Служебная информация __
a Название организации Смоленский филиал
938 Служебная информация __
a Название организации Головной вуз
952 Тип литературы __
b Гриф литературы для ВШ гриф УМО
c Вид литературы учебник